2026 March Madness Upsets - Statistics

General Stats
  • This quiz has been taken 16 times
  • The average score is 15 of 16
Answer Stats
Round Seed Game Score Losing Team Winning Team % Correct
1st 8v9 67-61 Clemson Iowa
100%
2nd 1v9 73-72 Florida Iowa
100%
Sweet 16 4v9 77-71 Nebraska Iowa
100%
1st 8v9 102-77 Georgia St Louis
100%
2nd 3v6 79-72 Virginia Tennessee
100%
Sweet 16 2v6 76-62 Iowa State Tennessee
100%
1st 6v11 79-71 BYU Texas
100%
2nd 3v11 74-68 Gonzaga Texas
100%
Elite 8 1v2 73-72 Duke UConn
100%
1st 5v12 83-82 Wisconsin High Point
93%
Sweet 16 2v3 65-55 Houston Illinois
93%
2nd 5v4 67-65 Kansas St Johns
93%
1st 8v9 66-64 Ohio State TCU
93%
1st 6v11 82-78 North Carolina VCU
93%
1st 7v10 63-50 St. Mary's Texas A&M
86%
1st 8v9 86-76 Villanova Utah State
86%
No matching quizzes found
Score Distribution
Percent of People with Each Score
Percentile by Number Answered
Your Score History
You have not taken this quiz